000
00315nam a2200133Ia 4500
005
20260328104345.0
008
260328s9999||||xx |||||||||||||| ||und||
100
_a
Padura, Leonardo
245
0
_a
Pasado Perfecto /
_c
Leonardo Padura
260
_b
Tusquets
300
_a
232 p.
650
_a
NOVELAS
942
_c
BK
999
_c
12292
_d
12292